000 00269nam a2200097Ia 4500
001 643309
005 20250826153543.0
008 250824s9999 xx 000 0 und d
245 0 _aALPARSLANIN AKINCISI ALPEREN 6 SAKLI HAZİNE
_cİSMAİL BİLGİN
260 _bGENÇ TİMAŞ
999 _c643309
_d643309